000 00761nam a2200241 a 4500
005 20210219153243.0
008 991125n 000 0 u
035 _aUPN01000086127
100 _aPigge, Fred L.
222 _aJOURNAL OF EXPERIMENTAL EDUCATION
245 _aA longitudinal comparison of the academic, affective, and personal characteristics of persisters and nonpersisters in teacher preparation
300 _a19-26
362 _a61, No. 1, 1992
505 _aNoviembre 1993
653 0 _aCONDUCTA AFECTIVA
653 0 _aESTUDIANTES EN EL COLEGIO
653 0 _aGUERRA ESTUDIANTIL
653 0 _aPERSISTENCIA ACADEMICA
653 0 _aPRINCIPIOS EDUCATIVOS
700 _aMarso, Ronald N.
904 _aAC
_b023938
905 _aArticulo
999 _c72169
_d72169